Govt. of
Madhya Pradesh

The Book of British Ballads (Record no. 39361)

MARC details
000 -LEADER
fixed length control field 004200000a22001690004500
003 - CONTROL NUMBER IDENTIFIER
control field MACL
005 - DATE AND TIME OF LATEST TRANSACTION
control field 20160105135458.0
008 - FIXED-LENGTH DATA ELEMENTS--GENERAL INFORMATION
fixed length control field 160105b xxu||||| |||| 00| 0 eng d
040 ## - CATALOGING SOURCE
Original cataloging agency MACL
Transcribing agency MACL
041 ## - LANGUAGE CODE
Language code of text/sound track or separate title English
082 ## - DEWEY DECIMAL CLASSIFICATION NUMBER
Classification number 821HAL
100 ## - MAIN ENTRY--PERSONAL NAME
Personal name Hall, S C
9 (RLIN) 28047
245 ## - TITLE STATEMENT
Title The Book of British Ballads
260 ## - PUBLICATION, DISTRIBUTION, ETC. (IMPRINT)
Name of publisher, distributor, etc. George Routledge & Sons Ltd
Place of publication, distribution, etc. London
650 ## - SUBJECT ADDED ENTRY--TOPICAL TERM
Topical term or geographic name as entry element Poetry
9 (RLIN) 28048
942 ## - ADDED ENTRY ELEMENTS (KOHA)
Koha item type Books
Call number prefix 821/HAL
Source of classification or shelving scheme

No items available.